000 01923cam a22004934i 4500
003 PE-LiUPU
005 20250731172958.0
008 150623s r 000 0 d
020 _a080102191X
035 _a(Sirsi) i9780801021916
040 _aPE-LiUPU
_bspa
_cPE-LiUPU
_erda
049 _aPRUA
082 0 4 _a227.5066
_bH22
_221
100 1 _aHarrís, W. Hall,
_eautor.
245 1 4 _aThe descent of Christ :
_bEphesians 4:7-11 and traditional Hebrew imagery /
_cW. Hall Harris.
264 1 _aMichigan :
_bBaker Books,
_c1998.
300 _a221 páginas ;
_c23 centímetros
336 _atext
_2rdacontent
337 _aunmediated
_2rdamedia
338 _avolume
_2rdacarrier
490 0 _aBiblical Studies Library
504 _aIncluye bibliografía.
505 0 _aThe descensus ad inferos and Eph 4:7-11. -To where did he descend? the meaning of ta kat tera meph .. -The association of Moses with ps 68:19 as background to Ephesians 4. -Moses´ascent to heavent in other early sources not related to psalm 68. -Eph 4:7-11 and the giving of the spirit. -The descent of Christ as spirit in eph 4:7-11.
526 _aSEG42
526 _aSEG41
526 _aSEG40
526 _aSEG39
526 _aP94
526 _aP87
526 _aP86
526 _aP85
526 _aP77
526 _aP76
526 _aP35
600 1 _aJesucristo
_xAsención
630 _aBiblia.
_pN.T.
_pEfesios
_xCrítica, interpretación, etc.
650 0 4 _aPentecostés
_xEnseñanza bíblica.
942 _2ddc
_cBOOK
949 _a227.5066 H22
_wDEWEY
_c1
_i45381
_lCCODEBUL1
_mBUL
_r0
_sY
_tBOOK
_u2015-6-24
_xTEOLOGIA
_PP35
_0COMPRA
_o.STAFF. Colección General
994 _aC0
_bPEPRU
596 _a1
999 _a227.5066 H22
_wDEWEY
_c22246
_i45381
_f2021-11-9
_g5
_lCCODEBUL1
_mBUL
_r0
_sY
_tBOOK
_u2015-6-24
_xTEOLOGIA
_PP35
_0COMPRA
_o.STAFF. Colección General
_d22246
980 _81
_gALBERTO SANCHEZ Responsable de Automatización